The Beatles - Help! - Statistics

General Stats
  • This quiz has been taken 12 times
  • The average score is 12 of 14
Answer Stats
# Song % Correct
1 Help!
100%
3 You've Got to Hide Your Love Away
100%
8 Act Naturally
89%
5 Another Girl
89%
14 Dizzy Miss Lizzy
89%
4 I Need You
89%
12 I've Just Seen a Face
89%
2 The Night Before
89%
7 Ticket to Ride
89%
13 Yesterday
89%
10 You Like Me Too Much
89%
9 It's Only Love
78%
11 Tell Me What You See
78%
6 You're Going to Lose That Girl
78%
No matching quizzes found
Score Distribution
Percent of People with Each Score
Percentile by Number Answered
Your Score History
You have not taken this quiz